Core Java. Volume I, Fundamentals features

Kaydedildi:
Detaylı Bibliyografya
Yazar:  Horstmann, Cay S
Materyal Türü: Sách
Dil:Undetermined
Baskı/Yayın Bilgisi:  Prentice Hall  2016
Konular:
Etiketler: Etiketle
Etiket eklenmemiş, İlk siz ekleyin!
Thư viện lưu trữ: Trung tâm Thư viện - Trường Đại học Công nghiệp TP. Hồ Chí Minh
LEADER 00522nam a2200157Ia 4500
001 UIH_06209
008 231011s9999 xx 000 0 und d
082 |a  005.133 
100 |a  Horstmann, Cay S 
245 0 |a  Core Java. Volume I, Fundamentals features 
245 0 |c  Horstmann, Cay S 
260 |b  Prentice Hall 
260 |c  2016 
650 |a  Java (Ngôn ngữ chương trình máy tính);  
927 |a Sách 
980 |a Trung tâm Thư viện - Trường Đại học Công nghiệp TP. Hồ Chí Minh